| 000 | 00451nam a2200157 4500 | ||
|---|---|---|---|
| 001 | 113133 | ||
| 003 | ES-MaACL | ||
| 005 | 20230906185753.0 | ||
| 007 | t| | ||
| 008 | 061121s1966 sp r ||||1| spa d | ||
| 100 | 1 |
_aNúñez Lagos, José Manuel. _986208 |
|
| 245 | 1 | 0 |
_aInformación al inversionista / _cJosé Manuel Núñez Lagos. |
| 260 |
_aMadrid [etc.] : _bRialp, _c1966. |
||
| 300 |
_a172 p. ; _c25 cm. |
||
| 852 |
_aES-MaACL _jC-29563 _bR.59986 |
||
| 999 |
_c113133 _d113133 |
||